Catálogo

Caminos de colaboración en un mundo fragmentado / (Registro nro. 24369)

Detalles MARC
000 -LEADER
fixed length control field 01237cam a2200337 i 4500
001 - CONTROL NUMBER
control field 24369
003 - CONTROL NUMBER IDENTIFIER
control field Mx-PuUPA
005 - DATE AND TIME OF LATEST TRANSACTION
control field 20251002083848.0
008 - FIXED-LENGTH DATA ELEMENTS--GENERAL INFORMATION
fixed length control field 140415s2019 mx a gr 001 0 spa d
020 ## - INTERNATIONAL STANDARD BOOK NUMBER
International Standard Book Number 9786079845100
040 ## - CATALOGING SOURCE
Original cataloging agency Mx-PuUPA
Language of cataloging spa
Transcribing agency Mx-PuUPA
Modifying agency Mx-PuUPA
Description conventions rda
041 0# - LANGUAGE CODE
Language code of text/sound track or separate title spa
100 1# - MAIN ENTRY--PERSONAL NAME
Personal name Dionne, Georges,
Dates associated with a name 1950-
9 (RLIN) 17402
245 10 - TITLE STATEMENT
Title Caminos de colaboración en un mundo fragmentado /
Statement of responsibility, etc. George W. Dionne, María Eugenia Ciófalo-Lagos, Martha P. Dionne
250 ## - EDITION STATEMENT
Edition statement Primera edición /
Remainder of edition statement abril
264 #1 - PRODUCTION, PUBLICATION, DISTRIBUTION, MANUFACTURE, AND COPYRIGHT NOTICE
Place of production, publication, distribution, manufacture Ciudad de México :
Name of producer, publisher, distributor, manufacturer [Granica Editor],
Date of production, publication, distribution, manufacture, or copyright notice 2019
300 ## - PHYSICAL DESCRIPTION
Extent 155 páginas :
Other physical details ilustraciones ;
Dimensions 22 cm
336 ## - CONTENT TYPE
Fuente rdacontent
Content type term texto
Content type code txt
337 ## - MEDIA TYPE
Source rdamedia
Media type term sin medio
Media type code n
338 ## - CARRIER TYPE
Source rdacarrier
Carrier type term volumen
Carrier type code nc
650 #7 - SUBJECT ADDED ENTRY--TOPICAL TERM
Source of heading or term armarc
Topical term or geographic name entry element Comunicación interpersonal
650 #7 - SUBJECT ADDED ENTRY--TOPICAL TERM
Source of heading or term armarc
Topical term or geographic name entry element Liderazgo
650 #7 - SUBJECT ADDED ENTRY--TOPICAL TERM
Source of heading or term armarc
Topical term or geographic name entry element Gestión de conclictos
General subdivision Educación
650 #7 - SUBJECT ADDED ENTRY--TOPICAL TERM
Source of heading or term armarc
Topical term or geographic name entry element Familias
General subdivision Relaciones humanas
700 1# - ADDED ENTRY--PERSONAL NAME
Personal name Ciófalo-Lagos, María Eugenia,
Relator term autor
700 1# - ADDED ENTRY--PERSONAL NAME
Personal name Dionne Espinosa, Martha P.,
Relator term autor
942 ## - ADDED ENTRY ELEMENTS (KOHA)
Source of classification or shelving scheme Dewey Decimal Classification
Koha item type Libro
Classification part 302.2
Item part D58
Existencias
Withdrawn status Lost status Source of classification or shelving scheme Damaged status Not for loan Collection code Home library Current library Shelving location Date acquired Source of acquisition Cost, normal purchase price Total Checkouts Full call number Barcode Date last seen Cost, replacement price Price effective from Koha item type
    Dewey Decimal Classification     General Biblioteca Karol Wojtyla Biblioteca Karol Wojtyla Sala general 03/12/2013 Donación 0.00   302.2 D58 2019 45471 05/01/2026 0.00 03/12/2013 Libro